Southville International School and Colleges
Your cart is empty.
  • Cart
  • Lists
    Public lists Eva Luna New books Lux_list list_1
    Your lists Log in to create your own lists
  • Log in to your account
  • Your cookies
  • Search history
Southville International School and Colleges
  • Advanced search
  • Recent comments
  • Most popular
  • Libraries

Log in to your account

Log in with GOOGLE


If you do not have an external account, but do have a local account, you can still log in:

  1. Home
  2. MARC view: HACCP /
Normal view MARC view ISBD view

HACCP / (Record no. 288887)

[ view plain ]
MARC details
000 -LEADER
fixed length control field 02490cam a22003978i 4500
001 - CONTROL NUMBER
control field 18344373
003 - CONTROL NUMBER IDENTIFIER
control field PILC
005 - DATE AND TIME OF LATEST TRANSACTION
control field 20151105082508.0
008 - FIXED-LENGTH DATA ELEMENTS--GENERAL INFORMATION
fixed length control field 141022s2015 nju 001 0 eng
010 ## - LIBRARY OF CONGRESS CONTROL NUMBER
LC control number 2014036544
020 ## - INTERNATIONAL STANDARD BOOK NUMBER
International Standard Book Number 9781118427231 (paperback)
040 ## - CATALOGING SOURCE
Original cataloging agency DLC
Language of cataloging eng
Transcribing agency DLC
Description conventions rda
042 ## - AUTHENTICATION CODE
Authentication code pcc
050 00 - LIBRARY OF CONGRESS CALL NUMBER
Classification number TX 531
Item number .M653 2015
082 00 - DEWEY DECIMAL CLASSIFICATION NUMBER
Classification number 363.19/2
084 ## - OTHER CLASSIFICATION NUMBER
Classification number TEC012000
Source of number bisacsh
100 1# - MAIN ENTRY--PERSONAL NAME
Personal name Mortimore, Sara.
240 10 - UNIFORM TITLE
Uniform title <a href="HACCP (Food industry briefing series)">HACCP (Food industry briefing series)</a>
245 10 - TITLE STATEMENT
Title HACCP /
Statement of responsibility, etc Sara Mortimore and Carol Wallace.
250 ## - EDITION STATEMENT
Edition statement 2nd edition.
260 ## - PUBLICATION, DISTRIBUTION, ETC. (IMPRINT)
Place of publication, distribution, etc UK :
Name of publisher, distributor, etc John Wiley,
Date of publication, distribution, etc 2015.
263 ## - PROJECTED PUBLICATION DATE
Projected publication date 1503
300 ## - PHYSICAL DESCRIPTION
Extent xiii, 169 pages :
Other physical details illustrations ;
Dimensions 22 cm.
490 0# - SERIES STATEMENT
Series statement A food industry briefing
500 ## - GENERAL NOTE
General note Includes index.
520 ## - SUMMARY, ETC.
Summary, etc "Readers of this accessible book - now in a revised and updated new edition - are taken on a conceptual journey which passes every milestone and important feature of the HACCP landscape at a pace which is comfortable and productive. The information and ideas contained in the book will enable food industry managers and executives to take their new-found knowledge into the workplace for use in the development and implementation of HACCP systems appropriate for their products and manufacturing processes.The material is structured so that the reader can quickly assimilate the essentials of the topic. Clearly presented, this HACCP briefing includes checklists, bullet points, flow charts, schematic diagrams for quick reference, and at the start of each section the authors have provided useful key points summary boxes. HACCP: a Food Industry Briefing is an introductory-level text for readers who are unfamiliar with the subject either because they have never come across it or because they need to be reminded. The book will also make a valuable addition to material used in staff training and is an excellent core text for HACCP courses"--
650 #0 - SUBJECT ADDED ENTRY--TOPICAL TERM
Topical term or geographic name as entry element Hazard Analysis and Critical Control Point (Food safety system)
650 #0 - SUBJECT ADDED ENTRY--TOPICAL TERM
Topical term or geographic name as entry element Food adulteration and inspection.
650 #0 - SUBJECT ADDED ENTRY--TOPICAL TERM
Topical term or geographic name as entry element Food handling
General subdivision Safety measures.
650 #7 - SUBJECT ADDED ENTRY--TOPICAL TERM
Topical term or geographic name as entry element TECHNOLOGY & ENGINEERING / Food Science.
Source of heading or term bisacsh
700 1# - ADDED ENTRY--PERSONAL NAME
Personal name Wallace, Carol.
776 08 - ADDITIONAL PHYSICAL FORM ENTRY
Display text Online version:
Main entry heading Mortimore, Sara.
Title HACCP
Edition 2nd edition.
Place, publisher, and date of publication Hoboken : John Wiley & Sons Inc., 2015
International Standard Book Number 9781118427200
Record control number (DLC) 2014042281
906 ## - LOCAL DATA ELEMENT F, LDF (RLIN)
a 7
b cbc
c orignew
d 1
e ecip
f 20
g y-gencatlg
942 ## - ADDED ENTRY ELEMENTS (KOHA)
Source of classification or shelving scheme Library of Congress Classification
Koha item type Books
Call number prefix Foreign
Holdings
Withdrawn status Lost status Source of classification or shelving scheme Damaged status Home library Current library Shelving location Date acquired Source of acquisition Cost, normal purchase price Sub Shelving location Total Checkouts Full call number Barcode Date last seen Price effective from Koha item type
    Library of Congress Classification   College Library College Library Reserve Section 11/05/2015 Library Fund 5096.00     TX 531 .M653 2015 C20216 05/15/2018 11/05/2015 Books

HACCP /

APA

Mortimore S., Wallace C., . (2015). HACCP. UK: John Wiley.

Chicago

Mortimore Sara, Wallace Carol, . 2015. HACCP. UK: John Wiley.

Harvard

Mortimore S., Wallace C., . (2015). HACCP. UK: John Wiley.

MLA

Mortimore Sara, Wallace Carol, . HACCP. UK: John Wiley. 2015.

  • Place hold
  • Print
  • Cite
  • Add to your cart (remove)
  • Save record
    BIBTEX Dublin Core MARCXML MARC (non-Unicode/MARC-8) MARC (Unicode/UTF-8) MARC (Unicode/UTF-8, Standard) MODS (XML) RIS
  • More searches
    Search for this title in:
    Other Libraries (WorldCat) Other Databases (Google Scholar) Online Stores (Bookfinder.com) Open Library (openlibrary.org)

Exporting to Dublin Core...

SOUTHVILLE LIBRARY

Southville International School and Colleges Library

1281 Tropical Ave. Cor. Luxembourg St., BF Homes International, Las Pinas City

Tel. No. 8256374 / 252358 Loc. 117/146

Powered by Koha